[Event "Canada Day op"]
[Site "Calgary"]
[Date "2001.07.01"]
[Round "4"]
[White "Pivovarov, Juraj"]
[Black "Podalchuk, Nick"]
[Result "1-0"]
[WhiteElo "1795"]
[BlackElo "1700"]
[PlyCount "43"]
[EventDate "2001.06.??"]
[EventType "swiss"]
[EventRounds "5"]
[EventCountry "CAN"]
[SourceTitle "EXT 2005"]
[Source "ChessBase"]
[SourceDate "2004.11.15"]
[SourceVersion "1"]
[SourceVersionDate "2004.11.15"]
[SourceQuality "1"]

1. c4 e5 2. g3 Bc5 3. Nc3 a6 4. Bg2 Ne7 5. Nf3 d6 6. 0-0 Nbc6 7. a3 h6 8. e3 f5 9. d4 exd4 10. exd4 Bb6 11. Be3 0-0 12. Qc2 Ng6 13. Nd5 Nce7 14. Nxb6 cxb6 15. Qb3 Kh8 16. d5 b5 17. cxb5 f4 18. Bd4 axb5 19. Qd3 Bd7 20. Bc3 Qb6 21. Qd2 fxg3 22. Qxh6+ 1-0